000
00319 a2200145 4500
001
151017
040
_c
Escola São Tomás de Aquino
240
1
0
_a
Jeremias e dona Ming
_l
por
245
1
0
_a
Jeremias e dona Ming
300
_a
22
362
0
_a
1998
440
1
_a
Moderna
697
_a
*LITERATURA INFANTO
942
_c
BK
999
_c
151017
_d
151017